Pays les plus proches de Saint-Christophe-et-Niévès - Mort subite - Statistiques

Statistiques générales
  • Ce quiz a été pris 29 fois
  • Le résultat moyen est 7 sur 15
Answers on the Grid
Answers color-coded by a green-red scale on the quiz's grid according to % correct below.
Antigua-et-Barbuda
Dominique
Sainte-Lucie
Saint-Vincent-et-les-Grenadines
Grenade
Barbade
République dominicaine
Trinité-et-Tobago
Venezuela
Haïti
Guyane
Colombie
Bahamas
Cuba
Brésil
Panama
Suriname
Costa Rica
Nicaragua
Honduras
El Salvador
Guatemala
Belize
Mexique
États-Unis
Canada
Équateur
Pérou
Bolivie
Paraguay
 
Statistiques - réponses
Réponse % Correct
Saint-Vincent-et-les-Grenadines
71%
Bahamas
59%
Antigua-et-Barbuda
53%
Dominique
53%
Haïti
53%
République dominicaine
53%
Sainte-Lucie
53%
Trinité-et-Tobago
53%
Barbade
47%
Grenade
47%
Cuba
41%
Guyane
24%
Brésil
18%
Venezuela
18%
Colombie
12%
Aucun quiz correspondant
Distribution des résultats
% des personnes avec chaque résultat
Percentile par nombre de réponses
Votre historique - résultats
Vous n’avez pas pris ce quiz